01013nam a2200193 a 450000100100000000500170001000800410002702000150006804000250008308200080010824502570011626001300037330000210050370000290052470000320055395201080058595201090069399900170080200003441820200930073705.0111004s1981 sp 000 0 spa d a8400049640 aDO-SdBNPbspacBNPHU axxx00aFascistas en España :bLa intervención italiana en la Guerra Civil a través de los telegramas de la Missione Militare Italiana in Spagna (15 de diciembre 1936-31 marzo 1937) /cedición y estudio documental a cargo de Ismael Saz y Javier Tusell. aMadrid :bConsejo Superior de Investigaciones Científicas :bEscuela Española de Historia y Arqueología en Roma,c1981. a229 p. ;c25 cm.1 aSaz, Ismael,eed.9598451 aTusell, Javier,eed.959846 001050718MOaGRbGRcCTd2011-10-04iLF1l0oxxx p34418-10r2020-06-25w2020-06-25y1ZNo se presta 0010507-18MOaGRbGRcOId2011-10-04iLF1l0oxxx p34419-10r2020-06-25w2020-06-25y1ZNo se presta c33909d33909